000 00460pam a2200169 a 4500
020 _a0070571872
040 _cDLC
082 _a327 MCG 1997 A020 Or.
100 1 _aShively, W. Phillips,
245 1 0 _aPower and choice :
_ban introduction to political science /
246 1 4 _aPower & choice
250 _a5th ed
260 _aNew York :
_bMcGraw-Hill,
_cc1997
300 _axvii, 377 p. :
_bill., maps ;
_c24 cm
650 0 _aPolitical science
942 _cEK
999 _c12791
_d12791